Loading...
| Fine Arts - Painting and Sculpture | 0 | 5 | 0 | 1 | 50 | 83 | 104.00 | 0 | 4 | 15.02 | 28.57 |
| Fine Arts - Other | 1 | 3 | 0 | 0 | 45 | 59 | 107.50 | 1 | 2 | 7.67 | 16.19 |
| Other Academic | 1 | 2 | 0 | 0 | 35 | 81 | 105.00 | 0 | 0 | 7.60 | 10.00 |
| History - World | 1 | 1 | 0 | 0 | 25 | 66 | 72.50 | 1 | 2 | 6.48 | 12.38 |
| Fine Arts - Classical Music | 0 | 2 | 0 | 0 | 20 | 78 | 107.00 | 0 | 2 | 5.72 | 12.86 |
| Science - Chemistry | 0 | 2 | 0 | 0 | 20 | 115 | 117.50 | 0 | 0 | 2.06 | 2.86 |
| Religion | 0 | 1 | 0 | 1 | 10 | 132 | 132.00 | 0 | 0 | 0.09 | 1.79 |
| Science - Biology | 0 | 1 | 0 | 0 | 10 | 140 | 140.00 | 0 | 0 | 0.07 | 1.43 |
| Social Science | 0 | 1 | 0 | 0 | 10 | 83 | 83.00 | 0 | 1 | 2.57 | 3.81 |
| Short Fiction and Other | 0 | 1 | 0 | 0 | 10 | 115 | 115.00 | 0 | 0 | 3.41 | 6.12 |
| Mythology | 0 | 1 | 0 | 0 | 10 | 148 | 148.00 | 0 | 0 | 0.10 | 2.04 |